Statistics for Guess the 1970s song lyrics #272

Click here to take the quiz!

General Stats

  • This quiz has been taken 12 times
  • The average score is 132 of 193

Answer Stats

Answer% Correct
a
100%
I
100%
love
92%
me
92%
the
92%
The
92%
you
92%
You
92%
In
83%
it
83%
way
83%
at
75%
But
75%
don't
75%
good
75%
had
75%
Have
75%
have
75%
I'll
75%
It's
75%
it's
75%
like
75%
say
75%
time
75%
want
75%
When
75%
your
75%
cry
67%
Cry
67%
day
67%
goodbye
67%
knew
67%
look
67%
other
67%
over
67%
see
67%
stay
67%
that
67%
to
67%
we
67%
We
67%
Why
67%
would
67%
come
58%
couldn't
58%
remember
58%
there'd
58%
thing
58%
will
58%
eyes
50%
heart
50%
Looks
50%
must
50%
never
50%
Sad
50%
shared
50%
Try
50%
turn
50%
Turn
50%
coming
42%
end
42%
hate
42%
home
42%
miss
42%
really
42%
She's
42%
today
42%
broken
33%
mend
33%
sweet
33%
used
33%
cared
25%
magic
25%

Score Distribution

Percentile by Number Answered

Percent of People with Each Score

Your Score History

You have not taken this quiz